Welcome to CU Library Online Public Access Catalogue (OPAC)

Malay fishermen : (Record no. 5044)

MARC details
000 -LEADER
fixed length control field 01059cam a2200337 i 4500
001 - CONTROL NUMBER
control field 4106582
003 - CONTROL NUMBER IDENTIFIER
control field OSt
005 - DATE AND TIME OF LATEST TRANSACTION
control field 20250321132645.0
008 - FIXED-LENGTH DATA ELEMENTS--GENERAL INFORMATION
fixed length control field 750310r1975 nyuaf b 001 0 eng
010 ## - LIBRARY OF CONGRESS CONTROL NUMBER
LC control number 75008523
020 ## - INTERNATIONAL STANDARD BOOK NUMBER
International Standard Book Number 0393007758 :
Terms of availability $4.95
022 ## - INTERNATIONAL STANDARD SERIAL NUMBER
Source 710034660
040 ## - CATALOGING SOURCE
Original cataloging agency DLC
Transcribing agency DLC
Modifying agency DLC
043 ## - GEOGRAPHIC AREA CODE
Geographic area code am-----
050 10 - LIBRARY OF CONGRESS CALL NUMBER
Classification number HD9466.M32
Item number F5 1975
082 00 - DEWEY DECIMAL CLASSIFICATION NUMBER
Classification number 338.3/72/709205951
100 1# - MAIN ENTRY--PERSONAL NAME
Personal name Firth, Raymond,
Dates associated with a name 1901-2002.
245 10 - TITLE STATEMENT
Title Malay fishermen :
Remainder of title their peasant economy /
Statement of responsibility, etc. by Raymond Firth.
260 ## - PUBLICATION, DISTRIBUTION, ETC.
Place of publication, distribution, etc. New York :
Name of publisher, distributor, etc. Norton,
Date of publication, distribution, etc. c1966.
300 ## - PHYSICAL DESCRIPTION
Extent xviii, 398 p., [9] leaves of plates :
Other physical details ill. ;
Dimensions 20 cm.
490 0# - SERIES STATEMENT
Series statement The Norton library ; N775
500 ## - GENERAL NOTE
General note Reprint of the ed. published by Archon Books, Hamden, Conn.
500 ## - GENERAL NOTE
General note Includes index.
504 ## - BIBLIOGRAPHY, ETC. NOTE
Bibliography, etc. note Bibliography: p. 392-393.
600 ## - SUBJECT ADDED ENTRY--PERSONAL NAME
Source of heading or term Fishing
Personal name Firth, Raymond
650 #0 - SUBJECT ADDED ENTRY--TOPICAL TERM
Topical term or geographic name entry element Fish trade
Geographic subdivision Malay Peninsula.
650 #0 - SUBJECT ADDED ENTRY--TOPICAL TERM
Topical term or geographic name entry element Fishers
Geographic subdivision Malay Peninsula.
700 ## - ADDED ENTRY--PERSONAL NAME
Personal name Firth, Raymond
906 ## - LOCAL DATA ELEMENT F, LDF (RLIN)
a 7
b cbc
c orignew
d 1
e ocip
f 19
g y-gencatlg
942 ## - ADDED ENTRY ELEMENTS (KOHA)
Source of classification or shelving scheme Library of Congress Classification
Koha item type Books
Suppress in OPAC No
Holdings
Withdrawn status Lost status Source of classification or shelving scheme Damaged status Not for loan Collection Home library Current library Shelving location Date acquired Total checkouts Full call number Barcode Date last seen Price effective from Koha item type
    Library of Congress Classification     Non-fiction Main Library (Kumasi) Main Library (Kumasi) General stacks 03/19/2025   B821.F91 FRI bssk00000004 03/21/2025 03/21/2025 Books
© 2023-2024 Copyright: Central University Libraries. All Rights Reserved | Created by: Mahone Tech Office